Quero ser os teus Domingos (Record no. 2055)

MARC details
000 -Etiqueta do registo
Valores 00683nam a2200253 4500
010 ## - Número ISBN
ISBN 9789895820726
021 ## - Número do Depósito Legal
Código do país Portugal
Número 547255/25
100 ## - Dados gerais de processamento
Dados gerais 20260213d2025 m||y0pory50030103ba
101 ## - Língua de publicação
Língua Português
102 ## - País de publicação
País Portugal
200 ## - Titulo e menção de responsabilidade
Título próprio Quero ser os teus Domingos
Primeira menção de responsabilidade José Eduardo Agualusa
205 ## - Menção da edição
Edição 1ª edição
210 ## - Publicação
Local de publicação Lisboa
Nome do editor Quetzal
Data de publicação 2025
215 ## - Descrição física 
Paginação / Volumes 228, [4] p.
Dimensões 24 cm
225 ## - Colecção 
Título próprio da colecção Obras de José Eduardo Agualusa
300 ## - Notas gerais 
Texto da nota BMB-Registado
606 ## - Nome comum usado como assunto
ID Autoridade 1192
Palavra de ordem Literatura Angolana
606 ## - Nome comum usado como assunto
ID Autoridade 779
Palavra de ordem Romance
675 ## - CDU
Notação 821.134.3(673)-31
Edição BMB
Língua por
700 ## - Autor principal (pessoa individual)
Apelido Agualusa
Nome José Eduardo
Datas 1960-
ID Autoridade 1135
801 ## - Fonte de origem
País PT
Agência BMB
Regras de catalogação RPC
990 ## - Elementos KOHA
Tipo de documento Livro
Holdings
Situação do levantamento Estado Número Biblioteca de origem Código de barras Cota Permissão de empréstimo Tipo de documento Forma de aquisição
    1 Biblioteca Municipal de Borba 2005 821.134.3(673)-31 AGU / QUE   Livro Compra
Biblioteca Municipal de Borba

Powered by Koha